Aimé Césaire : (Record no. 128955)
[ view plain ]
| 000 -LEADER | |
|---|---|
| fixed length control field | 00961cam a2200277 i 4500 |
| 001 - CONTROL NUMBER | |
| control field | 1327546 |
| 003 - CONTROL NUMBER IDENTIFIER | |
| control field | ARRUPE |
| 005 - DATE AND TIME OF LATEST TRANSACTION | |
| control field | 20190212110750.0 |
| 008 - FIXED-LENGTH DATA ELEMENTS--GENERAL INFORMATION | |
| fixed length control field | 780322s1973 quc b 000 0 fre |
| 010 ## - LIBRARY OF CONGRESS CONTROL NUMBER | |
| LC control number | 78344074 |
| 015 ## - NATIONAL BIBLIOGRAPHY NUMBER | |
| National bibliography number | C*** |
| 040 ## - CATALOGING SOURCE | |
| Original cataloging agency | DLC |
| Transcribing agency | DLC |
| Modifying agency | DLC |
| 050 ## - LIBRARY OF CONGRESS CALL NUMBER | |
| Classification number | PR9408.M36 |
| Item number | C4 Z63 |
| 082 00 - DEWEY DECIMAL CLASSIFICATION NUMBER | |
| Classification number | 809 s |
| -- | 841 |
| 300 ## - PHYSICAL DESCRIPTION | |
| Dimensions | 20 cm. |
| 100 ## - MAIN ENTRY--PERSONAL NAME | |
| Personal name | Nathan, Fernand |
| 9 (RLIN) | 44538 |
| 245 00 - TITLE STATEMENT | |
| Title | Aimé Césaire : |
| Remainder of title | ecrivain martiniquais |
| Statement of responsibility, etc | Fernand Nathan |
| 260 ## - PUBLICATION, DISTRIBUTION, ETC. (IMPRINT) | |
| Place of publication, distribution, etc | Paris |
| Name of publisher, distributor, etc | Fernand nathan |
| Date of publication, distribution, etc | 1967. |
| 300 ## - PHYSICAL DESCRIPTION | |
| Extent | 63 p. ; |
| 440 ## - SERIES STATEMENT/ADDED ENTRY--TITLE | |
| Title | Litterature Africaine |
| Number of part/section of a work | 9 |
| 9 (RLIN) | 44539 |
| 500 ## - GENERAL NOTE | |
| General note | Cover title. |
| 504 ## - BIBLIOGRAPHY, ETC. NOTE | |
| Bibliography, etc | Includes bibliographical references. |
| 600 10 - SUBJECT ADDED ENTRY--PERSONAL NAME | |
| Personal name | Césaire, Aimé |
| 9 (RLIN) | 23598 |
| 906 ## - LOCAL DATA ELEMENT F, LDF (RLIN) | |
| a | 7 |
| b | cbc |
| c | orignew |
| d | 4 |
| e | ncip |
| f | 19 |
| g | y-gencatlg |
| 942 ## - ADDED ENTRY ELEMENTS (KOHA) | |
| Source of classification or shelving scheme | Library of Congress Classification |
| Koha item type | Monograph ( Printed materials) |
| Withdrawn status | Lost status | Source of classification or shelving scheme | Damaged status | Not for loan | Collection code | Home library | Current library | Shelving location | Date acquired | Total Checkouts | Full call number | Barcode | Date last seen | Price effective from | Koha item type |
|---|---|---|---|---|---|---|---|---|---|---|---|---|---|---|---|
| Library of Congress Classification | Main Collection | ARRUPE LIBRARY | ARRUPE LIBRARY | Main Collection | 12/02/2019 | PR9408.M36 C4 Z63 | 46600003708 | 12/02/2019 | 12/02/2019 | Monograph ( Printed materials) |